LEADER 01547nam a2200289 u 4500 001 000000037552 003 CaOOAMICUS 005 20070226113758.0 008 980408s1937 ag u000 u spa u 035 $a10789668 040 $aPUL(R)$bita 100 1 $aGuaglianone, Aquiles Horacio.$0(OLS)http://pul/name/28152 245 10$aEstudio de la colación en el antiguo derecho español y en el proyecto de F. García Goyena /$cpor Aquiles Horacio Guaglianone .. 260 $aBuenos Aires :$bFacultad de Derecho y Ciencias sociales,$c1937. 300 $a71 p. ;$c21 cm 490 1 $aInvestigaciones del Seminario de ciencias juridicas y sociales ;$v14 500 $aContiene indici. 500 $aIn calce al front.: Seccion publicaciones del seminario de ciencias juridicas y sociales. 504 $a"Bibliografia": pp. [5]-6. 650 4$aDiritto antico.$0(OLS)http://pul/subject/17968 830 0$aInvestigaciones del Seminario de ciencias juridicas y sociales ;$v14.$0(OLS)http://pul/title/51063 850 $aPUL 852 $aPUL$W1$xDP2 Diritto e Scienze Sociali 1$y65$m168 A 14$j51274$nBK-PRI$qStampati$B51274$CPULBib$Z2$F51274 $82 852 $aPUL$W1$xDP1 Cons. Gen., Altre Classi 1$y22$m833 B 2$j125861$nBK-PRI$ac. 2$qStampati$B124589$CPULBib$Z2$F124589 $82 941 1 $a8 996 $6245$aEstudio de la colación en el antiguo derecho español y en el proyecto de F. García Goyena$9(OLS)http://pul/title/51103 996 $6260$aBuenos Aires :$bFacultad de Derecho y Ciencias sociales$9(OLS)http://pul/publisher/63339 LEADER 01265nam a2200289 a 4500 001 000000170132 003 CaOOAMICUS 005 20181024114717.0 008 181024s2017 bl 000 u por r 020 $a978-85-15-04432-0* 032 $aLibriCat 040 $aPUL$bita 082 14$a228 100 1 $aCasalegno, Alberto,$cS.I.,$d1938-$0(OLS)http://pul/name/25639 245 11$a"E o Cordeiro os vencerá" (Ap 17,14) : $bleitura exegético-teológica do livro do Apocalipse / $cAlberto Casalegno. 260 $aSão Paulo :$bEdições Loyola,$c©2017. 300 $a274 p. ; $c24 cm. 504 $aBibliografia in nota a piè pagina. 630 04$aBiblia.$pN.T.$pApocalypsis.$0(OLS)http://pul/subject/6630 850 $aPUL 852 $aPUL$W1$xSL Religione 3$y85$m228 CASAL 1$j193072$qDDC 21$B198376$CPULBib$Z2$F198376 $H131452 $81 941 1 $a9 996 $6020$a978-85-15-04432-0*$9(OLS)http://pul/number/165045 996 $6082$a228$9(OLS)http://pul/classification/750 996 $6245$a"E o Cordeiro os vencerá" (Ap 17,14) : $bleitura exegético-teológica do livro do Apocalipse / $9(OLS)http://pul/title/210839 996 $6260$aSão Paulo :$bEdições Loyola$9(OLS)http://pul/publisher/74854